ՀՀ Գիտությունների ազգային ակադեմիայի հիմնարար գիտական գրադարան  =   Fundamental Scientific Library of NAS RA

Позднеплиоценовая фауна млекопитающих чишмикиойского местонахождения : (Record no. 312075)

MARC details
000 -LEADER
fixed length control field 01054nam a2200229 a 4500
001 - CONTROL NUMBER
control field 000894878
003 - CONTROL NUMBER IDENTIFIER
control field AM-YeHGA
005 - DATE AND TIME OF LATEST TRANSACTION
control field 20250617145437.0
008 - FIXED-LENGTH DATA ELEMENTS--GENERAL INFORMATION
fixed length control field 120530s1983 ||| r 000 0 rus d
040 ## - CATALOGING SOURCE
Original cataloging agency AM-YeHGA
041 0# - LANGUAGE CODE
Language code of text/sound track or separate title rus
090 ## - LOCALLY ASSIGNED LC-TYPE CALL NUMBER (OCLC); LOCAL CALL NUMBER (RLIN)
-- 313793
100 1# - MAIN ENTRY--PERSONAL NAME
Personal name Шушпанов, Касьян Иванович
245 10 - TITLE STATEMENT
Title Позднеплиоценовая фауна млекопитающих чишмикиойского местонахождения :
Remainder of title (Зайцеобразные и грызуны) /
Statement of responsibility, etc. К.И. Шушпанов; АН МССР, Ин-т зоологии и физиологии.
260 ## - PUBLICATION, DISTRIBUTION, ETC.
Place of publication, distribution, etc. Кишинев :
Name of publisher, distributor, etc. Штиинца,
Date of publication, distribution, etc. 1983.
300 ## - PHYSICAL DESCRIPTION
Extent 112 с. :
Other physical details ил.
504 ## - BIBLIOGRAPHY, ETC. NOTE
Bibliography, etc. note Библиогр.: с. 100-107
653 0# - INDEX TERM--UNCONTROLLED
Uncontrolled term Зайцеобразные ископаемые - Плиоцен - МССР
653 0# - INDEX TERM--UNCONTROLLED
Uncontrolled term Грызуны ископаемые - Плиоцен - МССР
710 2# - ADDED ENTRY--CORPORATE NAME
Corporate name or jurisdiction name as entry element Академия наук МССР
710 2# - ADDED ENTRY--CORPORATE NAME
Corporate name or jurisdiction name as entry element Институт зоологии и физиологии АН МССР
Holdings
Withdrawn status Lost status Damaged status Not for loan Collection Home library Current library Date acquired Total checkouts Full call number Barcode Date last seen Price effective from Koha item type Public note
        General Fundamental Scientific Library Fundamental Scientific Library 09/01/2017   PII/502012 FL0231450 09/01/2017 09/01/2017 Գրքեր / Books 30 Days Loan


ՀՀ ԳԱԱ հիմնարար գիտական գրադարան
ՀՀ,Երևան 0019
Մարշալ Բաղրամյան 24/6
հեռախոս:(374-10) 52-47-50
Հետադարձ կապ

All site content, except where otherwise noted, is licensed under a
Creative Commons License